El agotamiento de los lagos /

Guardado en:
Autor Corporativo: Videopedia Britannica.
Formato: Deslizar
Materias:
Etiquetas: Agregar Etiqueta
Sin Etiquetas, Sea el primero en etiquetar este registro!
LEADER 00856ngm a22002415g 4500
001 CEM.cems021377
008 130507b199-##################0###0#####d
005 20240819193716.0
245 1 0 |a El agotamiento de los lagos /  |c Videopedia Britannica 
300 |a 14 
500 |a En soporte VHS, consultar en ventanilla. 
505 0 |a El problema de la contaminación ambiental. Agotamiento de los lagos. Formas de control. Trabajos realizados en el río Michigan. 
538 |a Soporte: VHS - Norma: Pal N - Color - Compra Cems - Hitachi=0000 
110 2 |a Videopedia Britannica. 
082 5 7 |. 5/VID-1 
653 |a ECOLOGIA 
653 |a AGUA 
653 |a CONTAMINACION 
653 |a MEDIO AMBIENTE 
653 |a LAGOS 
653 |a NIVEL PRIMARIO 
653 |a NIVEL SECUNDARIO 
859 |a CEMS  |b BIB. CEMS - Depto. Recursos Didacticos  |h 574.5  |i VID-1  |k DRD  |p 20.12  |t Ej.1